| 000 | 01134nam a2200265Ia 4500 | ||
|---|---|---|---|
| 999 |
_c51417 _d51417 |
||
| 001 | 18403 | ||
| 003 | GE_BSU | ||
| 005 | 20250416151347.0 | ||
| 008 | 181216s2011||||ge |||||||||||||| ||geo|| | ||
| 020 | _a9789994050949 | ||
| 040 | _cGE_BSU | ||
| 041 | _ageo | ||
| 080 | _a510.22+519.4+517.5+330.4 ა-30 | ||
| 100 |
_aავალიშვილი, მარიამ _924839 |
||
| 245 |
_aრაოდენობრივი კვლევის მეთოდები / _cმარიამ ავალიშვილი, გია ავალიშვილი. |
||
| 264 |
_aთბილისი : _bსაქ. უნ-ტის გამ-ბა, _c2011. |
||
| 300 |
_a94 გვ.: _bცხრ.ნახ.; _c29 სმ. |
||
| 500 | _aდანართი: გვ. 91-94. | ||
| 653 | _aსიმრავლეთა თეორია | ||
| 653 | _aკომბინატორიკა | ||
| 653 | _aფინანსური მათემატიკა | ||
| 653 | _aფუნქციები | ||
| 700 |
_aავალიშვილი, გ. (გია) _e ავტორი _924840 |
||
| 942 |
_cBK _2udc |
||